| 000 -LEADER | |
|---|---|
| fixed length control field | 00399nam a22001697a 4500 |
| 005 - DATE AND TIME OF LATEST TRANSACTION | |
| control field | 20160531162124.0 |
| 008 - FIXED-LENGTH DATA ELEMENTS--GENERAL INFORMATION | |
| fixed length control field | 160531b xxu||||| |||| 00| 0 eng d |
| 020 ## - INTERNATIONAL STANDARD BOOK NUMBER | |
| ISBN | 978-81317-1842-1 |
| 041 ## - LANGUAGE CODE | |
| Language code of text/sound track or separate title | eng |
| 082 ## - DEWEY DECIMAL CLASSIFICATION NUMBER | |
| Item number | 6439 |
| 100 ## - MAIN ENTRY--AUTHOR NAME | |
| Personal name | Whetten, David A & Others |
| 245 ## - TITLE STATEMENT | |
| Title | Development Management Skills |
| 260 ## - PUBLICATION, DISTRIBUTION, ETC. (IMPRINT) | |
| Name of publisher | Pearsons |
| 300 ## - PHYSICAL DESCRIPTION | |
| Number of Pages | 647 |
| 650 ## - SUBJECT ADDED ENTRY--TOPICAL TERM | |
| Topical Term | Management |
| 942 ## - ADDED ENTRY ELEMENTS (KOHA) | |
| Koha item type | Books |
| Lost status | Damaged status | Collection code | Home library | Current library | Shelving location | Date acquired | Cost, normal purchase price | Full call number | Accession Number | Koha item type |
|---|---|---|---|---|---|---|---|---|---|---|
| MANAGEMENT | JRU Library | JRU Library | SHELF- 67 G | 31/05/2016 | 595.00 | 6439 | 6439 | Books | ||
| MANAGEMENT | JRU Library | JRU Library | SHELF- 67 G | 31/05/2016 | 595.00 | 6439 | 6440 | Books | ||
| MANAGEMENT | JRU Library | JRU Library | SHELF- 67 G | 31/05/2016 | 595.00 | 6439 | 6441 | Books | ||
| MANAGEMENT | JRU Library | JRU Library | SHELF- 67 G | 31/05/2016 | 595.00 | 6439 | 6442 | Books | ||
| MANAGEMENT | JRU Library | JRU Library | SHELF- 67 G | 31/05/2016 | 595.00 | 6439 | 6443 | Books | ||
| MANAGEMENT | JRU Library | JRU Library | SHELF- 67 G | 31/05/2016 | 595.00 | 6439 | 6444 | Books | ||
| MANAGEMENT | JRU Library | JRU Library | SHELF- 67 G | 31/05/2016 | 595.00 | 6439 | 6445 | Books | ||
| MANAGEMENT | JRU Library | JRU Library | SHELF- 67 G | 31/05/2016 | 595.00 | 6439 | 6446 | Books | ||
| MANAGEMENT | JRU Library | JRU Library | SHELF- 67 G | 31/05/2016 | 595.00 | 6439 | 6447 | Books | ||
| MANAGEMENT | JRU Library | JRU Library | SHELF- 67 G | 31/05/2016 | 595.00 | 6439 | 6448 | Books | ||
| MANAGEMENT | JRU Library | JRU Library | SHELF- 67 G | 31/05/2016 | 595.00 | 6439 | 6449 | Books |